[Event "Druzynowe Mistrzostwa Polski Juniorow 2019 - II Liga"]
[Site "Szczyrk"]
[Date "1899-12-30"]
[Round "1.27"]
[White "Rainer, Piotr"]
[Black "Mocko, Maciej"]
[Result "0-1"]
[WhiteTitle "I"]
[BlackTitle "II"]
[WhiteElo "1445"]
[BlackElo "1385"]

1. e4 Nf6 2. Nc3 d6 3. Nf3 c5 4. d4 cxd4 5. Nxd4 Nc6 6. f3 e5 7. Nb3 g6 8. Be3
Bg7 9. Qd2 O-O 10. O-O-O Ne8 11. Kb1 Be6 12. g4 a5 13. h4 a4 14. Nc1 Nd4 15. Bg2
a3 16. b3 Qa5 17. N1e2 Rc8 18. Bxd4 exd4 19. Nd5 Qxd2 20. Rxd2 Bxd5 21. exd5 Nc7
22. Nxd4 Nxd5 23. Nb5 Rc5 24. c4 Rxb5 25. Rxd5 Rxd5 26. cxd5 Bb2 27. Re1 Rc8 28.
h5 gxh5 29. gxh5 Kg7 30. Bh3 Rc5 31. Rd1 Kh6 32. Bf5 f6 33. Bc2 Kxh5 34. Bxh7
Kg5 35. Bc2 Kf4 36. Be4 Rc3 37. Bd3 Kxf3 38. Bc4 f5 39. Rd3+ Rxd3 40. Bxd3 f4
41. Kc2 Ke3 42. Bc4 f3 43. Bf1 Kf2 44. Bh3 Ke1 45. Kd3 f2 46. Kc4 f1=Q+ 47. Bxf1
Kxf1 48. Kb5 Bd4 0-1

[Event "Druzynowe Mistrzostwa Polski Juniorow 2019 - II Liga"]
[Site "Szczyrk"]
[Date "1899-12-30"]
[Round "1.28"]
[White "Szymanczyk, Lukasz"]
[Black "Micula, Jakub"]
[Result "0-1"]
[WhiteTitle "II"]
[BlackTitle "II+"]
[WhiteElo "1142"]
[BlackElo "1320"]

1. e4 c5 2. Nf3 d6 3. d4 cxd4 4. Nxd4 Nf6 5. Nc3 a6 6. Bg5 e6 7. f4 Be7 8. Qf3
O-O 9. Bd3 Nbd7 10. O-O-O Qc7 11. g4 b5 12. h4 Bb7 13. h5 Rfc8 14. Bh4 b4 15.
Na4 Qa5 16. b3 Nc5 17. Nxc5 dxc5 18. Ne2 Qxa2 19. Kd2 Qa5 20. g5 Ne8 21. g6 Nf6
22. gxh7+ Kh8 23. Bxf6 Bxf6 24. Qg3 c4 25. Bxc4 Bxe4 26. Rhg1 Rd8+ 27. Bd3 Bxd3
28. cxd3 Qa2+ 29. Ke1 Qxb3 30. Kf1 Qxd1+ 0-1

[Event "Druzynowe Mistrzostwa Polski Juniorow 2019 - II Liga"]
[Site "Szczyrk"]
[Date "1899-12-30"]
[Round "1.29"]
[White "Zablocka, Katarzyna"]
[Black "Libura, Julianna"]
[Result "0-1"]
[WhiteTitle "I"]
[BlackTitle "I"]
[WhiteElo "1255"]
[BlackElo "1591"]

1. e4 c5 2. Nf3 e6 3. d4 cxd4 4. Nxd4 Nf6 5. Nc3 d6 6. Be3 Be7 7. f3 a6 8. Qd2
Qc7 9. O-O-O Nc6 10. g4 b6 11. h4 Bb7 12. g5 Nd7 13. Bg2 Nce5 14. Qe2 Nc4 15.
f4 Rc8 16. Bd2 b5 17. Nb1 Nxd2 18. Rxd2 Qa5 19. a3 b4 20. Nb3 Qb6 21. axb4 Qxb4
22. Rh3 Nc5 23. Nxc5 Rxc5 24. Rb3 Qxb3 25. Nc3 Qc4 26. Qe3 Qb4 27. Rd4 Rc4 28.
Na2 Qc5 29. c3 Rxd4 30. Qxd4 Qxd4 31. cxd4 d5 0-1

[Event "Druzynowe Mistrzostwa Polski Juniorow 2019 - II Liga"]
[Site "Szczyrk"]
[Date "1899-12-30"]
[Round "1.30"]
[White "Anyz, Monika"]
[Black "Gaczol, Julia"]
[Result "0-1"]
[WhiteTitle "I+"]
[BlackTitle "I"]
[WhiteElo "1404"]
[BlackElo "1338"]

1. e4 c5 2. Nf3 d6 3. d4 cxd4 4. Nxd4 Nf6 5. Nc3 a6 6. Bg5 e6 7. f4 Be7 8. a4 b6
9. Qf3 Bb7 10. Bd3 Nbd7 11. O-O Qc7 12. Kh1 Nc5 13. Rac1 Rc8 14. Rfe1 Nxd3 15.
cxd3 Qd7 16. Qg3 h6 17. Bh4 O-O 18. Nf3 b5 19. axb5 axb5 20. e5 Nd5 21. Bxe7 Nxe7
22. Ne4 Bxe4 23. dxe4 dxe5 24. Rcd1 Qa7 25. Nxe5 Rfd8 26. h3 Qa4 27. Ra1 Qc2 28.
Ra7 Rc7 29. Rxc7 Qxc7 30. Qe3 f6 31. Nf3 Ng6 32. f5 exf5 33. exf5 Nf4 34. Nd4
Qc4 35. Qxf4 Qxd4 36. Qc1 Qf2 37. Rf1 Qe2 38. b3 Rd2 39. Rg1 Rb2 40. Qc8+ Kh7
41. Qc3 Rc2 42. Qg3 Qh5 43. Rf1 Qf7 44. Qd3 Rc5 45. Rd1 Re5 46. Qf3 Qe7 47. Kh2
Qc5 48. Rf1 Re3 49. Qg4 Rxb3 50. Qg6+ Kg8 51. Rd1 Qe7 52. Rc1 0-1

[Event "Druzynowe Mistrzostwa Polski Juniorow 2019 - II Liga"]
[Site "Szczyrk"]
[Date "1899-12-30"]
[Round "1.31"]
[White "Luczak, Filip"]
[Black "Majdanski, Maksymilian"]
[Result "1-0"]
[WhiteTitle "CM"]
[BlackTitle "I"]
[WhiteElo "2144"]
[BlackElo "1767"]

1. c4 e5 2. Nc3 Nc6 3. Nf3 Nf6 4. e3 d5 5. cxd5 Nxd5 6. Bb5 Nxc3 7. bxc3 Bd6 8.
e4 O-O 9. h3 f5 10. d3 fxe4 11. dxe4 Qf6 12. Qe2 Qg6 13. g4 Qf6 14. Bc4+ Kh8 15.
Nh2 Na5 16. Bd3 Bc5 17. Be3 Bxe3 18. Qxe3 Qc6 19. O-O Rf4 20. f3 Be6 21. Be2 Raf8
22. Kg2 Nc4 23. Bxc4 Bxc4 24. Rf2 b6 25. Rd1 Qe6 26. Rdd2 a5 27. Nf1 Bxf1+ 28.
Rxf1 Qh6 29. Rd5 Qf6 30. Rf2 h5 31. Rd1 h4 32. Rd5 Qg5 33. Qe2 R4f7 34. Qd2 Qf6
35. c4 g5 36. Qe3 Rd8 37. Rfd2 Rxd5 38. cxd5 Rg7 39. Rc2 Qd6 40. a3 Kh7 41. Rc6
Qf8 42. Re6 Qf4 43. Qxf4 exf4 44. Rc6 Rd7 45. Kf2 Kg7 46. Ke2 Rd6 47. Rxc7+ Kf6
48. Kd3 Ke5 49. Re7+ Kf6 50. Re8 Kf7 51. Rc8 b5 52. Rb8 b4 53. axb4 axb4 54. Rxb4
Ra6 55. e5 Ra3+ 56. Ke4 Re3+ 57. Kf5 Rxf3 58. Rb7+ 1-0

[Event "Druzynowe Mistrzostwa Polski Juniorow 2019 - II Liga"]
[Site "Szczyrk"]
[Date "1899-12-30"]
[Round "1.32"]
[White "Kowalski, Kacper"]
[Black "Majewski, Krzysztof"]
[Result "0-1"]
[WhiteTitle "II"]
[BlackTitle "I"]
[WhiteElo "1317"]
[BlackElo "1719"]

1. e4 g6 2. d4 Bg7 3. Nf3 c6 4. Nc3 d6 5. Bc4 h6 6. Qd3 b5 7. Bb3 Ba6 8. Qe3 b4
9. Ne2 Nd7 10. Bd2 c5 11. Ba4 Ngf6 12. dxc5 dxc5 13. e5 Nd5 14. Qe4 e6 15. c4
N5b6 16. Bc6 Rc8 17. b3 Qc7 18. Bxd7+ Nxd7 19. Nf4 Bb7 20. Qd3 Nxe5 21. Nxe5 Qxe5+
0-1

[Event "Druzynowe Mistrzostwa Polski Juniorow 2019 - II Liga"]
[Site "Szczyrk"]
[Date "1899-12-30"]
[Round "1.33"]
[White "Grzesik, Gracjan"]
[Black "Tarawski, Adrian"]
[Result "1-0"]
[WhiteTitle "I++"]
[BlackTitle "II+"]
[WhiteElo "1974"]
[BlackElo "1562"]

1. c4 Nf6 2. Nc3 g6 3. g3 Bg7 4. Bg2 d6 5. d4 Nbd7 6. e4 O-O 7. Nge2 e5 8. O-O
Re8 9. h3 c6 10. Re1 Qc7 11. Be3 a5 12. Qc2 Nf8 13. Rad1 Ne6 14. d5 cxd5 15. cxd5
Nc5 16. Nb5 Qb6 17. Nxd6 Qxd6 18. Bxc5 Qc7 19. Qc1 Bd7 20. Qe3 Qc8 21. g4 h5 22.
g5 Nh7 23. Bb6 Qc4 24. b3 Qa6 25. Bf1 Nxg5 26. Nc3 Nxh3+ 27. Kh2 Bh6 28. Qc5 Rac8
29. Bxa6 Rxc5 30. Bxc5 bxa6 31. Be3 Nf4 32. Rc1 Bf8 33. Bxf4 exf4 34. f3 Bb4 35.
Rg1 Kg7 36. Na4 Bb5 37. Rg2 Bd6 38. Nb6 Kf6 39. a4 Rb8 40. axb5 Rxb6 41. Rc6 Rxc6
42. bxc6 g5 43. Rc2 Bc7 44. d6 Bxd6 45. c7 1-0

[Event "Druzynowe Mistrzostwa Polski Juniorow 2019 - II Liga"]
[Site "Szczyrk"]
[Date "1899-12-30"]
[Round "1.34"]
[White "Lochinski, Pawel"]
[Black "Bochniak, Franciszek"]
[Result "0-1"]
[WhiteTitle "II"]
[BlackTitle "II+"]
[WhiteElo "1138"]
[BlackElo "1194"]

1. e4 c5 2. Nf3 d6 3. d4 cxd4 4. Nxd4 Nf6 5. Nc3 a6 6. Bg5 e5 7. Nb3 Be6 8. Be2
Be7 9. O-O Nbd7 10. Qe1 O-O 11. Rd1 b5 12. a3 Qc7 13. f4 h6 14. Bh4 exf4 15. Rxf4
g5 16. Qg3 Bxb3 17. Bxg5 Qc5+ 18. Kh1 Qxg5 19. Qf3 Be6 20. Nd5 Bxd5 21. Rxd5 Ne5
0-1

[Event "Druzynowe Mistrzostwa Polski Juniorow 2019 - II Liga"]
[Site "Szczyrk"]
[Date "1899-12-30"]
[Round "1.35"]
[White "Bienko, Jagoda"]
[Black "Zalucka, Emilia"]
[Result "1/2-1/2"]
[WhiteTitle "I"]
[BlackTitle "I"]
[WhiteElo "1415"]
[BlackElo "1440"]

1. d4 d5 2. Nf3 e6 3. g3 Nf6 4. Bg2 Nbd7 5. O-O Bd6 6. b3 e5 7. Bb2 e4 8. Ne5 Qe7
9. Nxd7 Bxd7 10. c4 c6 11. Nc3 O-O 12. Qd2 Rfe8 13. Nd1 Bb4 14. Bc3 Bxc3 15. Qxc3
a5 16. Ne3 b5 17. cxd5 cxd5 18. Qc7 Rec8 19. Qe5 Qe6 20. Rfc1 h6 21. Rc7 Qxe5
22. Rxc8+ Qe8 23. Rxe8+ Rxe8 24. Rc1 Rc8 25. Rxc8+ Bxc8 26. Kf1 Kf8 27. Ke1 Ke7
28. Kd2 b4 29. Bf1 Kd6 30. Bg2 Be6 31. Bf1 1/2-1/2

[Event "Druzynowe Mistrzostwa Polski Juniorow 2019 - II Liga"]
[Site "Szczyrk"]
[Date "1899-12-30"]
[Round "1.36"]
[White "Ziobrowska, Maja"]
[Black "Grzesik, Nikola"]
[Result "1/2-1/2"]
[WhiteTitle "I"]
[BlackTitle "I"]
[WhiteElo "1491"]
[BlackElo "1338"]

1. e4 c5 2. d4 cxd4 3. c3 d3 4. Bxd3 Nc6 5. Nf3 d6 6. Bf4 e5 7. Be3 Bg4 8. Nbd2
Nf6 9. h3 Be6 10. O-O g6 11. Ng5 Qd7 12. Nxe6 fxe6 13. f4 Bg7 14. Qe2 Nh5 15.
Qg4 exf4 16. Bxf4 Nxf4 17. Rxf4 Ne5 18. Qg3 Bh6 19. Rf2 Qc6 20. a4 O-O-O 21. Bb5
Qc5 22. b4 Qe3 23. Kh2 Qxg3+ 24. Kxg3 Rdf8 25. Raf1 Rxf2 26. Rxf2 Rf8 27. Nc4
Kc7 28. Rc2 Nxc4 29. Bxc4 e5 30. Bd5 Bf4+ 31. Kf3 Bg5+ 32. Ke2 Bh4 33. Kd3 Rf2
34. c4 Rxc2 35. Kxc2 Bf2 36. Kb3 b6 37. a5 bxa5 38. bxa5 Kd8 39. a6 Ke7 40. Kc2
Kf6 41. Kd2 Kg5 42. Ke2 Bg3 43. Kf3 Bf4 44. Bg8 h6 45. g3 Bc1 46. h4+ Kf6 47.
Kg4 g5 48. Kh5 gxh4 49. gxh4 Ke7 50. Kg6 Kd7 51. h5 Kc7 52. Bd5 Kb6 53. Bb7 Kc5
54. Bd5 Kb6 55. Bb7 Kc5 56. Bd5 1/2-1/2

[Event "Druzynowe Mistrzostwa Polski Juniorow 2019 - II Liga"]
[Site "Szczyrk"]
[Date "1899-12-30"]
[Round "1.37"]
[White "Laszczak, Przemyslaw"]
[Black "Sanz, Wawer Daniel"]
[Result "1/2-1/2"]
[WhiteTitle "k"]
[BlackTitle "k"]
[WhiteElo "1942"]
[BlackElo "2154"]

1. d4 d5 2. g3 Nf6 3. Bg2 e6 4. Nf3 Nbd7 5. O-O Be7 6. c4 O-O 7. b3 b6 8. Ne5 Bb7
9. Bb2 c5 10. e3 Qc7 11. Nd2 cxd4 12. exd4 dxc4 13. Bxb7 Qxb7 14. Nxd7 Qxd7 15.
bxc4 Rfd8 16. Qf3 Rac8 17. Rac1 Qc6 18. Qxc6 Rxc6 19. Kg2 Bb4 20. Nb3 Rdc8 21.
a3 Be7 22. Nd2 Ne8 23. Rc2 Nd6 24. Rfc1 Nb5 25. a4 Nc7 26. c5 Nd5 27. Ba3 bxc5
28. dxc5 Bg5 29. Rb1 Bxd2 30. Rxd2 h6 31. Rb7 R6c7 32. Rdb2 Kh7 33. a5 Kg6 34.
a6 Kf5 35. Rxc7 Rxc7 36. Rb7 e5 37. Kf3 e4+ 38. Ke2 Ke6 39. f3 f5 40. fxe4 fxe4
41. Kd2 Kd7 42. Bb2 Kc6 43. Bxg7 h5 44. Rxc7+ Nxc7 45. Ke3 Kd5 46. c6 Nxa6 47.
Bd4 Kxc6 48. Kxe4 Nc5+ 49. Bxc5 Kxc5 50. h3 a5 1/2-1/2

[Event "Druzynowe Mistrzostwa Polski Juniorow 2019 - II Liga"]
[Site "Szczyrk"]
[Date "1899-12-30"]
[Round "1.38"]
[White "Golecki, Jan"]
[Black "Czarnomski, Dominik"]
[Result "1-0"]
[WhiteTitle "I++"]
[BlackTitle "II+"]
[WhiteElo "1947"]
[BlackElo "1541"]

1. e4 g6 2. d4 Bg7 3. Nf3 d6 4. Bc4 e6 5. Nc3 a6 6. a4 Ne7 7. Bg5 Nbc6 8. Qd2 h6
9. Be3 b6 10. O-O Bb7 11. d5 exd5 12. exd5 Ne5 13. Nxe5 dxe5 14. f4 Nf5 15. fxe5
Bxe5 16. Rae1 O-O 17. Bf4 Bxf4 18. Rxf4 Re8 19. Rxe8+ Qxe8 20. Bd3 Qe3+ 21. Rf2
Qxd2 22. Rxd2 Ne3 23. Kf2 Nxd5 24. Be4 Nxc3 25. Bxb7 Rb8 26. Bc6 Na2 27. c3 b5
28. Bd5 Nxc3 29. bxc3 Kf8 30. Rb2 f6 31. axb5 axb5 32. Bc4 c6 33. Bd3 g5 34. Ke3
Ke7 35. c4 b4 36. c5 Ke6 37. Be4 f5 38. Bxc6 Rc8 39. Bb7 Rxc5 40. Rxb4 Ke5 41.
Ba6 Rc2 42. Be2 Rc6 43. Rb5+ Kf6 44. Ra5 Re6+ 45. Kd2 Rd6+ 46. Ke3 Re6+ 47. Kf2
Re7 48. Ra6+ Kg7 49. Bd3 Re5 50. Rb6 Rd5 51. Ke2 Re5+ 52. Kd2 Ra5 53. Rb5 Ra2+
54. Bc2 f4 55. Rb6 1-0

[Event "Druzynowe Mistrzostwa Polski Juniorow 2019 - II Liga"]
[Site "Szczyrk"]
[Date "1899-12-30"]
[Round "1.39"]
[White "Krawczak, Patryk"]
[Black "Kazmierowski, Tymon"]
[Result "0-1"]
[WhiteTitle "II"]
[BlackTitle "II"]
[WhiteElo "1117"]
[BlackElo "1537"]

1. e4 c5 2. Nc3 Nc6 3. f4 g6 4. Nf3 Bg7 5. Bc4 d6 6. h3 e6 7. O-O Nge7 8. d3 O-O
9. Ne2 a6 10. a3 b5 11. Ba2 Bb7 12. c3 Rc8 13. Rb1 Qd7 14. b4 Rfd8 15. Bb2 cxb4
16. cxb4 Bxb2 17. Rxb2 d5 18. Rb1 Qc7 19. Qe1 Qb6+ 20. Qf2 Qxf2+ 21. Kxf2 dxe4
22. dxe4 Rd3 23. Rb3 Rcd8 24. Rc1 Nc8 25. Rcc3 Rd1 26. Rb1 Rxb1 27. Bxb1 Nb6 28.
Bc2 Nc4 29. Bd3 Nb6 30. Nc1 Kf8 31. Nb3 Na4 32. Rc2 Rxd3 33. Na5 Nxa5 34. bxa5
Rc3 35. Rd2 Bxe4 36. Ng5 Bd5 37. Nxh7+ Ke7 38. Ng5 Rxa3 39. Nf3 b4 40. Nd4 b3
41. Rd3 Ra2+ 42. Kf1 b2 43. Rd1 Ra1 44. Ke1 Rxd1+ 45. Kxd1 b1=Q+ 0-1

[Event "Druzynowe Mistrzostwa Polski Juniorow 2019 - II Liga"]
[Site "Szczyrk"]
[Date "1899-12-30"]
[Round "1.40"]
[White "Mulawa, Cyprian"]
[Black "Olszewski, Antoni"]
[Result "1-0"]
[WhiteTitle "II+"]
[BlackTitle "II"]
[WhiteElo "1454"]
[BlackElo "1380"]

1. e4 c5 2. Nf3 e6 3. d4 cxd4 4. Nxd4 a6 5. c4 Nf6 6. Nc3 Bb4 7. Qd3 d6 8. a3 Bxc3+
9. bxc3 O-O 10. Be2 Qc7 11. O-O Nc6 12. Nxc6 bxc6 13. Rd1 Rd8 14. e5 Ne8 15. Bg5
Rd7 16. exd6 Nxd6 17. Bf4 c5 18. Bxd6 Qd8 19. Qg3 Bb7 20. Be5 g6 21. Rxd7 Qxd7
22. Rd1 Qe7 23. Qf4 Rd8 24. Rxd8+ Qxd8 25. Qf6 Qxf6 26. Bxf6 Kf8 27. Bd8 Ke8 28.
Bb6 Kd7 29. Bxc5 Kc6 30. Bd4 Kc7 31. c5 Bd5 32. c4 Bc6 33. Bf3 Ba4 34. Kf1 Bd7
35. Ke2 Ba4 36. Kd3 Bd7 37. Kc3 Ba4 38. Kb4 Bd7 39. c6 Bc8 40. Ka5 f5 41. Be5+
Kd8 42. Kb6 1-0

[Event "Druzynowe Mistrzostwa Polski Juniorow 2019 - II Liga"]
[Site "Szczyrk"]
[Date "1899-12-30"]
[Round "1.41"]
[White "Nowacka, Dorota"]
[Black "Trzaskowska, Hanna"]
[Result "0-1"]
[WhiteTitle "I+"]
[BlackTitle "I"]
[WhiteElo "1576"]
[BlackElo "1628"]

1. d4 Nf6 2. Nf3 d5 3. e3 c5 4. Nbd2 e6 5. b3 Nc6 6. Bb2 Bd6 7. Bd3 O-O 8. O-O
b6 9. Ne5 Bb7 10. f4 Ne7 11. Qf3 Ng6 12. Qh3 Nd7 13. Nxg6 hxg6 14. Nf3 Be7 15.
g4 Rc8 16. g5 c4 17. bxc4 dxc4 18. Bxg6 fxg6 19. Qxe6+ Kh7 20. Nh4 Rc6 21. Qh3
Kg8 22. d5 Rd6 23. e4 Nc5 24. Qc3 Rf7 25. e5 Rxd5 26. Nxg6 Qd7 27. f5 Rd2 28.
Nf4 Na4 29. e6 Bc5+ 30. Rf2 Bxf2+ 31. Kf1 Nxc3 32. exd7 Rfxd7 33. Bxc3 Rxc2 34.
f6 Rxc3 35. Kxf2 Rf3+ 0-1

[Event "Druzynowe Mistrzostwa Polski Juniorow 2019 - II Liga"]
[Site "Szczyrk"]
[Date "1899-12-30"]
[Round "1.42"]
[White "Moscicka, Alicja"]
[Black "Zalewska, Malgorzata"]
[Result "1-0"]
[WhiteTitle "II"]
[BlackTitle "I"]
[WhiteElo "1000"]
[BlackElo "1000"]

1. d4 d5 2. c4 e6 3. Nc3 f5 4. cxd5 exd5 5. Bf4 c6 6. e3 Nf6 7. f3 Bd6 8. Bxd6
Qxd6 9. Bd3 O-O 10. Nge2 Re8 11. Qd2 Qe6 12. Nd1 Nbd7 13. O-O Nb6 14. b3 Qd6 15.
Re1 Be6 16. Nec3 Rf8 17. Bc2 Nfd7 18. Rf1 Rf6 19. Nb2 Rh6 20. g3 Qe7 21. Rae1
Qf7 22. e4 dxe4 23. fxe4 Rf6 24. e5 Rh6 25. Qf4 Rf8 26. Rf2 Nc8 27. Ref1 Ne7 28.
Nbd1 Rh5 29. Ne3 Qg6 30. Qf3 c5 31. dxc5 Nxe5 32. Qxb7 N7c6 33. Ncd5 Bxd5 34.
Nxd5 Nd4 35. Ne7+ Kh8 36. Nxg6+ Nxg6 37. Qd7 Nxc2 38. Rxc2 Ne5 39. Qd5 Ng4 40.
Re1 Nf6 41. Qd6 Rc8 42. c6 Rh6 43. Qe5 Rh5 44. Qe6 Rf8 45. c7 h6 46. c8=Q Rxc8
47. Rxc8+ Kh7 48. Qf7 Rg5 49. Re6 Rg6 50. Rg8 a6 51. Rxf6 Rxf6 52. Qxg7# 1-0

[Event "Druzynowe Mistrzostwa Polski Juniorow 2019 - II Liga"]
[Site "Szczyrk"]
[Date "1899-12-30"]
[Round "1.43"]
[White "Lichorad, Mateusz"]
[Black "Piekielny, Pawel"]
[Result "0-1"]
[WhiteTitle "I"]
[BlackTitle "I++"]
[WhiteElo "1801"]
[BlackElo "1985"]

1. e4 e6 2. d4 d5 3. Nd2 Nf6 4. e5 Nfd7 5. Bd3 c5 6. c3 Nc6 7. Ne2 cxd4 8. cxd4
f6 9. exf6 Nxf6 10. Nf3 Bd6 11. O-O Qc7 12. h3 O-O 13. Be3 Bd7 14. Re1 Be8 15.
Ng5 Bf7 16. Rc1 h6 17. Nf3 Bh5 18. Nc3 Qf7 19. Be2 Rac8 20. a3 Bxf3 21. Bxf3 Na5
22. Rc2 Nc4 23. Bc1 Bb8 24. g3 Kh8 25. Bg2 Rc6 26. Qd3 Rfc8 27. Ree2 a6 28. Na4
Bd6 29. b4 b6 30. Qb3 Qd7 31. Nc3 Bb8 32. a4 Bd6 33. Na2 a5 34. b5 R6c7 35. Bb2
Qf7 36. Nc1 Re8 37. Nd3 Qg6 38. Bc1 Nh5 39. g4 Nf6 40. Nf4 Qf7 41. Nd3 Rcc8 42.
Ne1 Nd7 43. Qd3 Nf8 44. Nf3 Ng6 45. Re1 Rf8 46. Rce2 Rce8 47. Qb3 Bf4 48. Ba3
Bd6 49. Bxd6 Nxd6 50. Ne5 Nxe5 51. dxe5 Nc4 52. Rc2 Qf4 53. Qg3 Qd4 54. Qc3 Qf4
55. Qg3 Qd4 56. Qc3 Rf4 57. Bf1 Ref8 58. Qxd4 Rxd4 59. Bxc4 dxc4 60. Rec1 Rc8
61. Kf1 Rc5 62. Rc3 Kh7 63. f3 g5 64. Kf2 Kg6 65. Ke3 Rf4 66. Kf2 h5 67. R1c2
h4 68. Rc1 Kf7 69. R1c2 Ke7 70. Rc1 Kd7 71. R1c2 Kc7 72. Rc1 Kb7 73. R1c2 Rd4
74. Kg2 Kc7 75. Kf2 Kd8 76. Kg2 Kd7 77. Kf2 Ke7 78. Kg2 Rxe5 79. Rxc4 Re2+ 80.
Rxe2 Rxc4 81. Re4 Rxe4 82. fxe4 Kd6 83. Kf3 Kc5 84. Ke3 Kc4 85. Ke2 Kd4 86. Kf3
e5 0-1

[Event "Druzynowe Mistrzostwa Polski Juniorow 2019 - II Liga"]
[Site "Szczyrk"]
[Date "1899-12-30"]
[Round "1.44"]
[White "Golinski, Kacper"]
[Black "Kupiecki, Szymon"]
[Result "1-0"]
[WhiteTitle "I"]
[BlackTitle "I"]
[WhiteElo "1761"]
[BlackElo "1573"]

1. e4 e5 2. Nf3 Nc6 3. Bb5 a6 4. Bxc6 dxc6 5. h3 Nf6 6. O-O Nxe4 7. Re1 Nc5 8.
Nxe5 Be7 9. d4 Ne6 10. c3 O-O 11. Qb3 Qd5 12. Be3 Rd8 13. Nd2 f6 14. Nef3 Qxb3
15. Nxb3 b6 16. Rad1 Kf7 17. Nfd2 Bb7 18. Nc4 a5 19. a4 c5 20. dxc5 Bd5 21. Rxd5
Rxd5 22. cxb6 Rb8 23. Nbxa5 cxb6 24. Nc6 Rb7 25. Nxb6 Rd6 26. Nxe7 Rdxb6 27. Bxb6
Rxb6 28. a5 Rxb2 29. Nc6 Ra2 30. g3 Ra3 31. Re3 Nc5 32. Kg2 Kf8 33. Kf3 Nb7 34.
Ke2 Nxa5 35. Nxa5 Rxa5 36. Kd3 Ra2 37. Re2 Ra4 38. c4 Ra3+ 39. Kd4 Ra1 40. Kd5
Rd1+ 41. Kc6 Rc1 42. c5 Kf7 43. Kd6 Rd1+ 44. Kc7 Rc1 45. c6 Rc3 46. Kd7 Rd3+ 47.
Kc8 Rc3 48. c7 Rc1 49. Rd2 Ke8 50. Rd8+ Kf7 51. Kb7 Rb1+ 52. Ka6 1-0

[Event "Druzynowe Mistrzostwa Polski Juniorow 2019 - II Liga"]
[Site "Szczyrk"]
[Date "1899-12-30"]
[Round "1.45"]
[White "Krawczyk, Flawian"]
[Black "Szymczak, Krzysztof"]
[Result "1-0"]
[WhiteTitle "I"]
[BlackTitle "II"]
[WhiteElo "1848"]
[BlackElo "1157"]

1. e4 c5 2. Nf3 Nc6 3. Bb5 d6 4. Bxc6+ bxc6 5. O-O Nf6 6. e5 dxe5 7. Nxe5 Qc7 8.
Re1 Be6 9. d3 g6 10. Nd2 Bg7 11. Ndf3 h6 12. Nxg6 fxg6 13. Rxe6 O-O 14. Qe2 Rf7
15. Ne5 h5 16. Nxf7 Ng4 17. g3 Kxf7 18. Bf4 Qd7 19. Re1 Re8 20. Qe4 Nf6 21. Qxc6
Qd4 22. Be5 Qg4 23. Bxf6 Bxf6 24. Rxf6+ Kg7 25. Qxe8 1-0

[Event "Druzynowe Mistrzostwa Polski Juniorow 2019 - II Liga"]
[Site "Szczyrk"]
[Date "1899-12-30"]
[Round "1.46"]
[White "Lamek, Dawid"]
[Black "Chmiel, Pawel"]
[Result "0-1"]
[WhiteTitle "II"]
[BlackTitle "II"]
[WhiteElo "1070"]
[BlackElo "1367"]

1. d4 Nf6 2. c4 g6 3. Nc3 Bg7 4. e4 d6 5. h3 O-O 6. Be3 Nbd7 7. Nf3 e5 8. d5 Nh5
9. g4 Nf4 10. g5 f5 11. Qc2 fxe4 12. Qxe4 Nb6 13. Bxb6 Bf5 14. Qe3 axb6 15. O-O-O
e4 16. Qxf4 exf3 17. Qxf3 Bc2 18. Qe2 Bxd1 19. Qe6+ Kh8 20. Nxd1 Qxg5+ 21. Qe3
Qxe3+ 22. fxe3 Rxa2 23. Bd3 Rf3 24. Kb1 Ra8 25. Kc2 Ra1 26. Rh2 Be5 27. Nf2 Bxh2
0-1

[Event "Druzynowe Mistrzostwa Polski Juniorow 2019 - II Liga"]
[Site "Szczyrk"]
[Date "1899-12-30"]
[Round "1.47"]
[White "Kulpa, Zuzanna"]
[Black "Jedras, Adrianna"]
[Result "0-1"]
[WhiteTitle "I++"]
[BlackTitle "I"]
[WhiteElo "1802"]
[BlackElo "1367"]

1. d4 c6 2. c4 d5 3. Nf3 dxc4 4. e3 Nd7 5. Bxc4 Nb6 6. Bb3 Bf5 7. Nc3 Nf6 8. O-O
e6 9. Bc2 Be7 10. b3 Qc7 11. Bb2 Bxc2 12. Qxc2 O-O 13. e4 Rac8 14. Rac1 a6 15.
Qe2 Qb8 16. Rfd1 Rfd8 17. e5 Nfd5 18. Ne4 Nd7 19. Nfd2 b5 20. Qg4 g6 21. a3 c5
22. Nxc5 Nxc5 23. dxc5 Rxc5 24. Rxc5 Bxc5 25. Ne4 Be7 26. g3 Nb6 27. Nf6+ Bxf6
28. exf6 Rxd1+ 29. Qxd1 Qc7 30. Be5 Qd7 31. Qc1 Qc8 32. Qd2 Nd5 33. h4 h5 34.
g4 hxg4 35. h5 Kh7 36. hxg6+ Kxg6 37. Qd3+ Kh6 38. Qd2+ Kh7 39. Qg5 Qf8 40. Qh5+
Kg8 41. Qxg4+ Kh8 42. Qh4+ Kg8 43. Bd6 Qxd6 44. Qg5+ Kf8 45. Qg7+ Ke8 46. Qg8+
Qf8 47. Qg3 Kd7 48. a4 bxa4 49. bxa4 Qb4 50. Qg7 Qb1+ 51. Kh2 Qg6 52. Qf8 Qxf6
53. Kg2 Qe7 54. Qa8 Nc7 55. Qg8 Qf6 56. Kf1 Qa1+ 57. Kg2 Qf6 58. Kf1 Qg6 59. Qf8
f6 60. Ke2 Qe4+ 61. Kf1 Qxa4 62. Qf7+ Kd6 63. Qxf6 Qd1+ 64. Kg2 Qd5+ 65. Kg1 a5
66. Qf4+ Kc6 67. Qa4+ Kb6 68. Qc2 Nb5 69. Qd2 Qxd2 0-1

[Event "Druzynowe Mistrzostwa Polski Juniorow 2019 - II Liga"]
[Site "Szczyrk"]
[Date "1899-12-30"]
[Round "1.48"]
[White "Golinska, Patrycja"]
[Black "Kulpa, Karolina"]
[Result "1/2-1/2"]
[WhiteTitle "I"]
[BlackTitle "I"]
[WhiteElo "1197"]
[BlackElo "1273"]

1. e4 c6 2. d4 d5 3. exd5 cxd5 4. Nc3 Nc6 5. Nf3 Nf6 6. h3 Bf5 7. Bb5 a6 8. Bxc6+
bxc6 9. O-O e6 10. Re1 Be7 11. Ne2 h6 12. c3 O-O 13. Qa4 Qb6 14. Ne5 Qb5 15. Qd1
c5 16. Ng3 Bh7 17. dxc5 Bxc5 18. Qf3 Nd7 19. Ng4 Bg6 20. b4 Bd6 21. Bb2 Qd3 22.
Re3 Qc2 23. Re2 Qd3 24. Re3 Qc2 25. Re2 Qd3 26. Re3 Qc2 27. Re2 Qd3 28. Re3 Qc2
29. Re2 Qd3 30. Re3 Qc2 1/2-1/2

[Event "Druzynowe Mistrzostwa Polski Juniorow 2019 - II Liga"]
[Site "Szczyrk"]
[Date "1899-12-30"]
[Round "1.49"]
[White "Kania, Dominik"]
[Black "Tustanowski, Mateusz"]
[Result "1/2-1/2"]
[WhiteTitle "I"]
[BlackTitle "I++"]
[WhiteElo "1948"]
[BlackElo "1948"]

1. d4 Nf6 2. Bf4 g6 3. e3 Bg7 4. Nf3 O-O 5. Be2 d6 6. h3 Nbd7 7. O-O Re8 8. Bh2
b6 9. a4 Bb7 10. a5 e5 11. dxe5 dxe5 12. Nc3 Ne4 13. Nxe4 Bxe4 14. Bc4 Bc6 15.
Bd5 Qf6 16. axb6 cxb6 17. e4 a5 18. Bg3 h6 19. Bh4 g5 20. Bg3 Rad8 21. Bxc6 Qxc6
22. Qe2 Nc5 23. Rfe1 f6 24. Nd2 Ne6 25. c3 Bf8 26. Nc4 Rd7 27. Ne3 Qxe4 28. Qh5
Red8 29. Ng4 Qf5 30. Qxh6 Bg7 31. Qh5 Qh7 32. Qxh7+ Kxh7 33. Ne3 Bf8 34. Red1
Kg6 35. Kf1 Rxd1+ 36. Rxd1 Rxd1+ 37. Nxd1 Nc5 38. Ke2 Kf5 39. f3 b5 40. Bf2 Nb3
41. Ne3+ Ke6 42. Kd3 Bc5 43. Kc2 a4 44. g3 f5 45. Kd3 f4 46. gxf4 gxf4 47. Ng4
Bxf2 48. Nxf2 Nc5+ 49. Kd2 Kf5 50. Nd3 Nb3+ 51. Ke2 Na5 52. Kd2 Nc4+ 53. Kc2 e4
54. fxe4+ Kxe4 55. h4 f3 56. h5 Kf5 57. b3 Ne5 58. h6 Nf7 59. h7 Kg6 60. Ne5+
Kxh7 61. Nxf3 Nd6 1/2-1/2

[Event "Druzynowe Mistrzostwa Polski Juniorow 2019 - II Liga"]
[Site "Szczyrk"]
[Date "1899-12-30"]
[Round "1.50"]
[White "Kukula, Karol"]
[Black "Gardian, Adam"]
[Result "1-0"]
[WhiteTitle "I"]
[BlackTitle "I"]
[WhiteElo "1770"]
[BlackElo "1770"]

1. e4 c5 2. Nf3 Nc6 3. Bb5 g6 4. O-O Bg7 5. c3 Nf6 6. Re1 O-O 7. d4 cxd4 8. cxd4
d5 9. e5 Ne8 10. Nc3 Nc7 11. Bxc6 bxc6 12. Be3 Bg4 13. h3 Bxf3 14. Qxf3 Ne6 15.
Rad1 Qa5 16. Qe2 Rab8 17. Qd2 Rfd8 18. b3 c5 19. Ne2 Qa3 20. Rc1 Rb4 21. f4 Bh6
22. Rf1 a5 23. Rc3 a4 24. Rb1 axb3 25. Rbxb3 Rxb3 26. Rxb3 Qa4 27. dxc5 d4 28.
Bf2 d3 29. Rxd3 Rb8 30. Be3 Rb1+ 31. Kh2 Ra1 32. Nc3 Qc6 33. Nd5 Kg7 34. Nxe7
Qa4 35. Nd5 Rxa2 36. Qc1 Qe4 37. Rd2 Ra4 38. Qc2 Qxc2 39. Rxc2 Nxf4 40. Bxf4 Bxf4+
41. Nxf4 Rxf4 42. c6 1-0

[Event "Druzynowe Mistrzostwa Polski Juniorow 2019 - II Liga"]
[Site "Szczyrk"]
[Date "1899-12-30"]
[Round "1.51"]
[White "Kubica, Dominik"]
[Black "Pisarek, Jan"]
[Result "1-0"]
[WhiteTitle "II+"]
[BlackTitle "I"]
[WhiteElo "1438"]
[BlackElo "1616"]

1. e4 c5 2. Nf3 e6 3. d4 cxd4 4. Nxd4 Nf6 5. Bd3 d5 6. exd5 Nxd5 7. O-O Be7 8.
Bd2 Bf6 9. c3 Bxd4 10. cxd4 Nc6 11. Be3 Qf6 12. Nc3 Nxc3 13. bxc3 O-O 14. Rb1
h6 15. Re1 Rd8 16. Be4 e5 17. dxe5 Nxe5 18. Bd4 Bd7 1-0